Wheat abstracts.

Bibliographic Details
Format: Journal
Language:English
Published: Lincoln, Nebraska : University of Nebraska, College of Agriculture, Agricultural Experiment Station, [1963-1965]
Subjects:

MARC

Tag First Indicator Second Indicator Subfields
LEADER 00000cas a2200000Ii 4500
001 in00000034766
005 20190606154622.0
008 751101d19631965nbumr p a 0 0eng d
035 |a (OCoLC)ocm01759545 
035 |a (OCoLC)01759545 
035 |9 AAD3782AM 
040 |a MUL  |b eng  |e rda  |c MUL  |d OCL  |d OCLCQ  |d UPM  |d DEBBG  |d GBVCP  |d OCLCF  |d OCLCO  |d OCLCQ  |d TXA 
016 7 |a 018042228  |2 DE-101 
016 7 |a 1295609-0  |2 DE-600 
029 1 |a AU@  |b 000052767225 
029 1 |a DEBBG  |b BV002572230 
035 |a (OCoLC)1759545 
050 4 |a SB191.W5  |b W49 
082 0 4 |a 630.7 
084 |a 670  |2 zdbs 
049 |a TXAM 
245 0 0 |a Wheat abstracts. 
264 1 |a Lincoln, Nebraska :  |b University of Nebraska, College of Agriculture, Agricultural Experiment Station,  |c [1963-1965] 
300 |a 3 volumes ;  |c 27 cm 
310 |a Monthly 
336 |a text  |b txt  |2 rdacontent 
337 |a unmediated  |b n  |2 rdamedia 
338 |a volume  |b nc  |2 rdacarrier 
362 0 |a Volume 1, number 1 (January 1963)-volume 3, number 4 (June 1965). 
588 |a Descripion based on: Volume 1, number 1 (January 1963); title from cover. 
588 |a Latest issue consulted: volume 3, number 4 (June 1965). 
650 0 |a Wheat  |v Abstracts. 
650 7 |a Wheat.  |2 fast  |0 (OCoLC)fst01174325 
655 7 |a Abstracts.  |2 fast  |0 (OCoLC)fst01423683 
710 2 |a University of Nebraska (Lincoln campus).  |b Agricultural Experiment Station,  |e issuing body. 
776 0 8 |i Online version:  |a University of Nebraska (Lincoln campus). Agricultural Experiment Station.  |t Wheat abstracts  |w (OCoLC)693654972 
994 |a C0  |b TXA 
949 |a updated  |b h  |c 2019/6/6  |e coplinger  |f 3:46:16 pm 
999 f f |s bf362437-5935-3432-8c61-44cf70c79e08  |i bd334b50-69d1-3a7d-b05b-2e932da408a7  |t 0 
952 f f |p storage  |a Texas A&M University  |b J.J. Pickle Campus  |c High Density Repository  |d Remote Storage  |t 0  |e SB191.W5 W49  |h Library of Congress classification  |i unmediated -- volume  |k v.1  |l 1963  |m A14850907990 
952 f f |p storage  |a Texas A&M University  |b J.J. Pickle Campus  |c High Density Repository  |d Remote Storage  |t 0  |e SB191.W5 W49  |h Library of Congress classification  |i unmediated -- volume  |k v.3:no.1-6  |l 1965:Jan.-June  |m A14819187086 
952 f f |p storage  |a Texas A&M University  |b J.J. Pickle Campus  |c High Density Repository  |d Remote Storage  |t 0  |e SB191.W5 W49  |h Library of Congress classification  |i unmediated -- volume  |k v.2  |l 1964  |m A14850907867 
998 f f |a SB191.W5 W49  |s v.1-3 (1963-1965)  |t 0  |l Remote Storage